|
|
|
|
| LEADER |
01160nam a2200265 a 4500 |
| 001 |
2141247 |
| 008 |
091103s1999 enka 001 0 eng d |
| 010 |
|
|
|a 98011639
|
| 020 |
|
|
|a 0521632951
|
| 040 |
|
|
|a DLC
|c DLC
|d DLC
|
| 082 |
0 |
0 |
|a 338.9
|2 21
|
| 245 |
0 |
4 |
|a The economics of saving and growth :
|b theory, evidence, and implications for policy /
|c edited by Klaus Schmidt-Hebbel, Luis Servén.
|
| 260 |
|
|
|a Cambridge ;
|a New York :
|b Cambridge University Press,
|c 1999.
|
| 300 |
|
|
|a x, 199 p. :
|b ill.
|c 24 cm.
|
| 504 |
|
|
|a Includes bibliographical references and index.
|
| 541 |
1 |
|
|e 00011010
|
| 650 |
|
0 |
|a Saving and investment.
|
| 650 |
|
0 |
|a Economic development.
|
| 650 |
|
0 |
|a Economic policy.
|
| 700 |
2 |
|
|a Schmidt-Hebbel, Klaus.
|
| 700 |
1 |
|
|a Serven, Luis.
|
| 852 |
4 |
|
|a Ayesha Abed Library
|j General Shelf.
|
| 999 |
|
|
|c 5102
|d 5102
|
| 952 |
|
|
|0 0
|1 0
|2 ddc
|4 0
|6 338_900000000000000_ECO_1999
|7 0
|9 4955
|a BRACUL
|b BRACUL
|c GEN
|d 2009-11-04
|g 1235.00
|l 0
|o 338.9 ECO
|p 3010011010
|r 2009-11-04
|t 1
|w 2009-11-04
|y BK
|
| 952 |
|
|
|0 0
|1 0
|2 ddc
|4 0
|6 338_900000000000000_ECO_1999
|7 0
|9 4964
|a BRACUL
|b BRACUL
|c GEN
|d 2009-11-04
|g 1235.00
|l 0
|o 338.9 ECO
|p 3010011039
|r 2009-11-04
|t 2
|w 2009-11-04
|y BK
|